|
|
|
|
| LEADER |
00000nab a2200000 a 4500 |
| 001 |
vtls000695172 |
| 003 |
SK-MaSNL |
| 005 |
20260303220653.0 |
| 008 |
240405c1999 xo 0 slo |
| 015 |
|
|
|a SNBRB1999/06-16422
|
| 035 |
|
|
|a CLN000047339
|
| 040 |
|
|
|a SNKBUCL
|b slo
|c SNKBUCL
|e AACR2
|
| 041 |
0 |
|
|a slo
|
| 044 |
|
|
|a xo
|c SK
|
| 080 |
|
|
|a 82.09:885.4-1(048)
|2 UDC-MRF-SK2
|
| 080 |
|
|
|a 885.4-1(048)
|2 UDC-MRF-SK2
|
| 100 |
1 |
|
|a Puškáš, Marek
|4 aut
|9 891498
|
| 245 |
1 |
0 |
|a Krídlatá poézia krídlatej ženy
|c Marek Puškáš
|
| 300 |
|
|
|b Obr.
|
| 650 |
0 |
7 |
|a slovenská poézia
|2 snkbucl
|9 215422
|
| 655 |
|
7 |
|a recenzie
|2 snkbucl
|9 21907
|
| 773 |
0 |
|
|t Pravda
|g Roč. 9, č. 137 (16.6.1999), s. 9
|x 1335-4051
|
| 787 |
0 |
8 |
|i Rec.:
|a Haugová, Mila
|t Krídlatá žena
|d Bratislava : Slovenský spisovateľ, 1999
|
| 850 |
|
|
|a Slovenská národná knižnica
|
| 852 |
|
|
|a Slovenská národná knižnica
|
| 958 |
|
|
|a LX
|
| 958 |
|
|
|a SK
|
| 958 |
|
|
|a RBX
|
| 999 |
|
|
|c 2228443
|d 2230373
|